Nekonečný konflikt

Pred 60 rokmi, 25. júna 1950 sa na Kórejskom polostrove začal ozbrojený konflikt, ktorý bol o tri roky ukončený prímerím. Prímerie je odvtedy často narušované ozbrojenými incidentmi. 26. marca 2010 bola potopená juhokórejská loď. Najprv Soul hovoril o nešťastnej náhode, ale potom obvinil zo zodpoved...

Ausführliche Beschreibung

Gespeichert in:
Bibliographische Detailangaben
1. Verfasser: Greguš, Peter
Format: Buchkapitel
Sprache:Slowakisch
Schlagworte:
Tags: Tag hinzufügen
Keine Tags, Fügen Sie das erste Tag hinzu!

MARC

LEADER 00000naa$a2200000$$$4500
001 0116395
005 20240502072310.2
041 0 |a slo 
044 |a SK 
245 1 0 |a Nekonečný konflikt  |c Peter Greguš 
520 |a Pred 60 rokmi, 25. júna 1950 sa na Kórejskom polostrove začal ozbrojený konflikt, ktorý bol o tri roky ukončený prímerím. Prímerie je odvtedy často narušované ozbrojenými incidentmi. 26. marca 2010 bola potopená juhokórejská loď. Najprv Soul hovoril o nešťastnej náhode, ale potom obvinil zo zodpovednosti za tento čin severných Kórejčanov. 
610 2 0 |a vojny 
610 2 0 |a konflikty 
610 2 0 |a vzťahy medzinárodné 
610 2 0 |a politika zahraničná 
610 2 0 |a politika medzinárodná 
610 2 0 |a Kórea 
100 1 |a Greguš, Peter